[Event "Weekend Accademia A Autunno"]
[Site "Roma ITA"]
[Date "2007.10.14"]
[Round "5"]
[White "Gasperoni, Claudio"]
[Black "Caprio, Guido"]
[Result "0-1"]
[WhiteElo "1841"]
[BlackElo "2071"]
[PlyCount "72"]
[EventDate "2007.10.12"]

1. d4 Nf6 2. c4 g6 3. Nf3 Bg7 4. Nc3 O-O 5. e4 d6 6. Be2 e5 7. d5 a5 8. Bg5 h6
9. Bh4 Na6 10. Nd2 Bd7 11. Rb1 Qe8 12. b3 Nh7 13. a3 h5 14. f3 Bh6 15. Bf2 Nc5
16. h4 b6 17. Qc2 f5 18. b4 axb4 19. axb4 Na4 20. Nb5 Qf7 21. Bd3 Bxb5 22. cxb5
Ra7 23. O-O f4 24. Nc4 g5 25. Ra1 g4 26. fxg4 hxg4 27. g3 Rfa8 28. Be2 Nf6 29.
Bd3 Nh5 30. Be1 Qg6 31. Kh2 fxg3+ 32. Bxg3 Bf4 33. Bxf4 g3+ 34. Kg2 Nxf4+ 35.
Rxf4 exf4 36. e5 f3+ 0-1

[Event "Weekend Accademia A Autunno"]
[Site "Roma ITA"]
[Date "2007.10.14"]
[Round "5"]
[White "Maddaloni, Giovanni"]
[Black "Maggi, Fabrizio"]
[Result "0-1"]
[WhiteElo "1799"]
[BlackElo "1960"]
[PlyCount "46"]
[EventDate "2007.10.12"]

1. e4 e6 2. d4 d5 3. Nc3 Bb4 4. e5 c5 5. Qg4 Ne7 6. dxc5 Nbc6 7. Qxg7 Rg8 8.
Qxh7 Nxe5 9. a3 Bxc5 10. h4 Qb6 11. Nh3 Bd7 12. Qh6 Nf5 13. Qf4 Ng6 14. Qd2
Ngxh4 15. Nf4 O-O-O 16. b4 Be7 17. Rh3 Qd4 18. Rd3 Qe5+ 19. Kd1 Bg5 20. g3 Ng6
21. b5 d4 22. Nce2 Bxb5 23. Rb3 d3 0-1

[Event "Weekend Accademia A Autunno"]
[Site "Roma ITA"]
[Date "2007.10.14"]
[Round "5"]
[White "Mazza, Maurizio"]
[Black "Carola, Paolo"]
[Result "0-1"]
[WhiteElo "1752"]
[BlackElo "1973"]
[PlyCount "92"]
[EventDate "2007.10.12"]

1. e4 e5 2. Nf3 Nf6 3. Nc3 Bb4 4. Bc4 Nc6 5. d3 d6 6. a3 Bxc3+ 7. bxc3 Bg4 8.
Rb1 O-O 9. h3 Bd7 10. g4 Ne7 11. Nh4 d5 12. exd5 Nexd5 13. g5 Nxc3 14. Qf3 Bc6
15. Qg3 Nh5 16. Qg4 Nf4 17. Rg1 Ng6 18. Nf5 Nxb1 19. h4 Bd5 20. h5 Bxc4 21.
hxg6 hxg6 22. Rh1 Bd5 23. Rh2 f6 24. Qh3 Kf7 25. Qh7 gxf5 26. Qxf5 Be6 27. g6+
Ke7 28. Qe4 Qd4 29. Qxb7 Qc3+ 30. Kf1 Rab8 31. Qxa7 Qxc2 32. Be3 Qxd3+ 33. Ke1
Qc3+ 34. Kf1 Bc4+ 35. Kg2 Bd5+ 36. Kg3 Ra8 37. Qc5+ Ke6 38. Qb5 Rfb8 39. Qe2
Rh8 40. Rh7 f5 41. Qh5 f4+ 42. Kh2 Rxh7 43. gxh7 fxe3 44. Qg6+ Kd7 45. Qxg7+
Kc6 46. Qg6+ Kc5 0-1

[Event "Weekend Accademia A Autunno"]
[Site "Roma ITA"]
[Date "2007.10.14"]
[Round "5"]
[White "Pecorari, Marcello"]
[Black "Parrini, Daniele"]
[Result "1/2-1/2"]
[WhiteElo "2077"]
[BlackElo "2042"]
[PlyCount "111"]
[EventDate "2007.10.12"]

1. e4 c5 2. Nf3 g6 3. d3 Bg7 4. Nbd2 d6 5. g3 Nc6 6. Bg2 e5 7. a4 Nge7 8. Nc4
O-O 9. Be3 f5 10. Qd2 b6 11. Bg5 Bb7 12. h4 f4 13. gxf4 h6 14. Bxe7 Qxe7 15.
fxe5 dxe5 16. h5 g5 17. Ne3 Qf7 18. Nf5 Rad8 19. Nxg5 hxg5 20. Qxg5 Kh8 21.
O-O-O Nd4 22. Ne7 Qf4+ 23. Qxf4 Ne2+ 24. Kb1 Nxf4 25. Ng6+ Nxg6 26. hxg6+ Kg8
27. Bh3 Bc8 28. Bxc8 Rxc8 29. Rdf1 Rf4 30. Rhg1 Rcf8 31. Rg2 Bf6 32. f3 Kg7 33.
Rh1 Rh8 34. Rxh8 Kxh8 35. Rh2+ Rh4 36. Rg2 Kg7 37. b3 Rh6 38. Kb2 a6 39. Kc3 b5
40. axb5 axb5 41. b4 Be7 42. bxc5 Bxc5 43. Rg5 Be7 44. Rf5 Rxg6 45. f4 Rc6+ 46.
Kb3 exf4 47. Rxf4 Ra6 48. e5 Ra3+ 49. Kb2 Ra4 50. Rxa4 bxa4 51. d4 Kf7 52. d5
Bc5 53. c4 Kg6 54. d6 Kf7 55. Ka2 Ke6 56. Kb2 1/2-1/2

[Event "Weekend Accademia A Autunno"]
[Site "Roma ITA"]
[Date "2007.10.14"]
[Round "5"]
[White "Prudenzano, Ruggero"]
[Black "Ciampi, Vincenzo"]
[Result "1/2-1/2"]
[WhiteElo "1808"]
[BlackElo "2095"]
[PlyCount "120"]
[EventDate "2007.10.12"]

1. d4 Nf6 2. c4 g6 3. Nc3 Bg7 4. e4 d6 5. Nge2 c6 6. Ng3 a6 7. a4 a5 8. Be2 Na6
9. h4 h5 10. Bg5 Qb6 11. Rb1 Ng4 12. Bxg4 Bxg4 13. f3 Bxd4 14. Nge2 Bf2+ 15.
Kf1 Be6 16. b3 f6 17. Nf4 Bf7 18. Nh3 Be3 19. Bf4 Bxf4 20. Nxf4 Qe3 21. Nce2
Nc5 22. Qc1 Qxc1+ 23. Nxc1 O-O-O 24. Kf2 g5 25. hxg5 fxg5 26. Nfd3 Nxd3+ 27.
Nxd3 c5 28. Rbd1 Bg6 29. Ke3 Rdf8 30. Nf2 Rhg8 31. Nh3 Be8 32. Rd5 g4 33. Nf4
gxf3 34. gxf3 Bf7 35. Rf5 Kd7 36. Nxh5 Rg2 37. Nf4 Rb2 38. Ng6 Rg8 39. Rxf7
Rxg6 40. Rhh7 Rxb3+ 41. Kf4 Re6 42. Rh8 Rf6+ 43. Rxf6 exf6 44. Ra8 b6 45. Ra7+
Ke6 46. Ra8 Rb4 47. Re8+ Kf7 48. Rb8 Rxc4 49. Rxb6 Ke7 50. Kf5 Rxa4 51. Rb7+
Kd8 52. Kxf6 Ra3 53. Ke6 Kc8 54. Ra7 Kb8 55. Rh7 Rxf3 56. Kxd6 c4 57. Kc5 c3
58. Kb6 Kc8 59. Kxa5 c2 60. Rh1 Rc3 1/2-1/2

[Event "Weekend Accademia A Autunno"]
[Site "Roma ITA"]
[Date "2007.10.14"]
[Round "5"]
[White "Vignato, Giovanni"]
[Black "Di Cecco, Giuseppe"]
[Result "0-1"]
[WhiteElo "2027"]
[BlackElo "2109"]
[PlyCount "49"]
[EventDate "2007.10.12"]

1. c4 e5 2. Nc3 Bb4 3. g3 Bxc3 4. bxc3 d6 5. Bg2 Nc6 6. d4 Nge7 7. Nf3 O-O 8.
O-O f5 9. dxe5 dxe5 10. Qxd8 Rxd8 11. Bg5 Re8 12. Rab1 h6 13. Bxe7 Rxe7 14. Nh4
Kh7 15. Rfd1 e4 16. Bh3 g6 17. Ng2 b6 18. Ne3 Ba6 19. g4 f4 20. Nd5 Rf7 21. g5
Bxc4 22. Be6 Raf8 23. Bxf7 Rxf7 24. Rd2 hxg5 25. Rbd1 0-1

[Event "Weekend Accademia A Autunno"]
[Site "Roma ITA"]
[Date "2007.10.14"]
[Round "5"]
[White "Vuelban, Virgilio"]
[Black "Wollenweber, Carsten"]
[Result "1-0"]
[WhiteElo "2399"]
[BlackElo "2141"]
[PlyCount "57"]
[EventDate "2007.10.12"]

1. e4 d5 2. exd5 Nf6 3. d4 Nxd5 4. c4 Nb6 5. Nf3 g6 6. Nc3 Bg7 7. c5 Nd5 8. Bc4
c6 9. Qb3 O-O 10. O-O Nxc3 11. bxc3 b5 12. cxb6 axb6 13. Re1 b5 14. Bd3 Qd6 15.
Bg5 Be6 16. Qc2 Nd7 17. Bh4 h6 18. Bg3 Qa3 19. Bxg6 Bxa2 20. Bh7+ Kh8 21. Bf5
e6 22. Be4 Ra6 23. Qd2 Qb3 24. Bf4 c5 25. Bxh6 f5 26. Bxg7+ Kxg7 27. Qg5+ Kh7
28. Qe7+ Kg8 29. Qxd7 1-0

[Event "V Weekend"]
[Site "Rivarolo Mantovano ITA"]
[Date "2007.10.12"]
[Round "1"]
[White "Acciaioli, Fabio"]
[Black "Vicentini, Giovanni"]
[Result "1-0"]
[WhiteElo "1754"]
[BlackElo "1365"]
[PlyCount "113"]
[EventDate "2007.10.12"]

1. e4 e6 2. d3 d5 3. Nd2 dxe4 4. Nxe4 Nf6 5. Bg5 Be7 6. Nf3 Nxe4 7. Bxe7 Qxe7
8. dxe4 Qb4+ 9. Nd2 Qxb2 10. Rb1 Qf6 11. Be2 b6 12. O-O Ba6 13. c4 Nc6 14. Qa4
Bb7 15. e5 Qe7 16. Bf3 Qd7 17. Rfd1 O-O 18. c5 Qe8 19. Qh4 Na5 20. Ne4 Rd8 21.
cxb6 Rxd1+ 22. Rxd1 axb6 23. h3 Bxe4 24. Qxe4 Qb5 25. Be2 Qb2 26. Bd3 g6 27.
Bb1 b5 28. h4 Nc4 29. f4 Nd2 30. Qd3 Nxb1 31. Rxb1 Qxa2 32. Rxb5 c6 33. Rb7 Qd5
34. Qg3 Rd8 35. Qg5 Rf8 36. Kh2 Qe4 37. Rc7 Ra8 38. h5 Qf5 39. Qxf5 gxf5 40. h6
Kf8 41. Rxc6 Ke8 42. Rc7 Rd8 43. Kh3 Rd7 44. Rc3 Rd4 45. g3 Rd1 46. Kh4 Rh1+
47. Kg5 Rh3 48. Ra3 Kd8 49. Kf6 Ke8 50. Kg7 Ke7 51. Rb3 Ke8 52. Kxh7 Kf8 53.
Ra3 f6 54. Kg6 Ke7 55. exf6+ Kd6 56. h7 Kd7 57. Kg7 1-0

[Event "V Weekend"]
[Site "Rivarolo Mantovano ITA"]
[Date "2007.10.12"]
[Round "1"]
[White "Bonade', Massimo"]
[Black "Stradiotti, Maurizio"]
[Result "1-0"]
[WhiteElo "2168"]
[BlackElo "1668"]
[PlyCount "41"]
[EventDate "2007.10.12"]

1. d4 d5 2. c4 e6 3. Nc3 c5 4. e3 Nf6 5. Nf3 Nc6 6. a3 Bd6 7. dxc5 Bxc5 8. b4
Be7 9. Bb2 O-O 10. cxd5 Nxd5 11. Nxd5 Qxd5 12. Qxd5 exd5 13. Rd1 Be6 14. Be2 a6
15. O-O h6 16. Rd2 Rac8 17. Rfd1 Rc7 18. Ne1 Rfc8 19. Bf3 a5 20. b5 Na7 21. b6
1-0

[Event "V Weekend"]
[Site "Rivarolo Mantovano ITA"]
[Date "2007.10.12"]
[Round "1"]
[White "Buccella, Francescantonio"]
[Black "De Palma, Fabrizio"]
[Result "0-1"]
[WhiteElo "1509"]
[BlackElo "1972"]
[PlyCount "72"]
[EventDate "2007.10.12"]

1. e4 c5 2. Nf3 d6 3. d4 cxd4 4. Nxd4 Nf6 5. Nc3 a6 6. a4 e5 7. Nf3 Be6 8. Ng5
Bg4 9. Qd3 h6 10. Nf3 Nc6 11. Be2 Nb4 12. Qd1 Qc7 13. O-O Be7 14. Be3 O-O 15.
Qd2 Be6 16. Rfc1 d5 17. exd5 Nfxd5 18. Nxd5 Nxd5 19. c3 f5 20. c4 Nxe3 21. Qxe3
Bf6 22. b4 Rad8 23. Rd1 e4 24. Nd4 Bc8 25. c5 Qe5 26. Bc4+ Kh8 27. Nc2 f4 28.
Qe2 Qg5 29. Rab1 f3 30. Qf1 Bh3 31. Ne3 Bd4 32. Rxd4 Rxd4 33. Bxa6 bxa6 34. c6
fxg2 35. Qxa6 Rxf2 36. Qa8+ Kh7 0-1

[Event "V Weekend"]
[Site "Rivarolo Mantovano ITA"]
[Date "2007.10.12"]
[Round "1"]
[White "Cottarelli, Franco"]
[Black "Benedetti, Maurizio"]
[Result "1-0"]
[WhiteElo "1954"]
[BlackElo "1493"]
[PlyCount "83"]
[EventDate "2007.10.12"]

1. b4 Nf6 2. Bb2 e6 3. a3 d5 4. Nf3 c5 5. bxc5 Bxc5 6. e3 Nbd7 7. c4 O-O 8. Nc3
dxc4 9. Bxc4 Nb6 10. Be2 Re8 11. O-O e5 12. e4 Bg4 13. d3 Rc8 14. h3 Bxf3 15.
Bxf3 Bd4 16. Rc1 Re6 17. Na4 Rxc1 18. Bxc1 Rc6 19. Nxb6 Qxb6 20. Bg5 Rc3 21. a4
Ra3 22. Qc1 Rc3 23. Qb1 Nd7 24. a5 Qxb1 25. Rxb1 b6 26. Bg4 Nf8 27. axb6 axb6
28. Be2 Ne6 29. Be3 f6 30. Bg4 Ng5 31. Bxd4 exd4 32. f4 Nf7 33. Rxb6 h5 34.
Bxh5 Rxd3 35. Rb8+ Kh7 36. Bxf7 Rc3 37. Bg8+ Kh6 38. Bd5 d3 39. Rh8+ Kg6 40. h4
Rc1+ 41. Kh2 f5 42. e5 1-0

[Event "V Weekend"]
[Site "Rivarolo Mantovano ITA"]
[Date "2007.10.12"]
[Round "1"]
[White "Gualtieri, Primo"]
[Black "Salami, Marco"]
[Result "0-1"]
[WhiteElo "1679"]
[BlackElo "2225"]
[PlyCount "54"]
[EventDate "2007.10.12"]

1. e4 e6 2. d4 d5 3. e5 c5 4. c3 Nc6 5. Nf3 Bd7 6. Be2 Nge7 7. O-O Ng6 8. Na3
cxd4 9. cxd4 Qb6 10. Nc2 Be7 11. b3 O-O 12. Bb2 a5 13. Rb1 Nf4 14. Re1 a4 15.
Bf1 axb3 16. axb3 Ra2 17. Qc1 Ng6 18. Re3 Rc8 19. Ra1 Rxa1 20. Qxa1 Ncxe5 21.
Nxe5 Nxe5 22. Rxe5 Rxc2 23. Bd3 Rc8 24. Qd1 g6 25. Rh5 Bb5 26. Rh6 Bxd3 27.
Qxd3 Bf8 0-1

[Event "V Weekend"]
[Site "Rivarolo Mantovano ITA"]
[Date "2007.10.12"]
[Round "1"]
[White "Mantovani, Celso"]
[Black "Boni, Gianni"]
[Result "0-1"]
[WhiteElo "1260"]
[BlackElo "1730"]
[PlyCount "66"]
[EventDate "2007.10.12"]

1. d3 d5 2. Be3 e5 3. f3 c5 4. c3 Nc6 5. b3 f5 6. g3 Nf6 7. Nd2 Bd6 8. Nh3 O-O
9. Qc2 Be6 10. Bg2 d4 11. Bg5 h6 12. Ne4 hxg5 13. Nexg5 Qe7 14. O-O Nh7 15.
Nxe6 Qxe6 16. c4 Be7 17. Qc1 Rf6 18. e4 dxe3 19. Qxe3 Nd4 20. Nf2 Nc2 21. Qd2
Nxa1 22. Rxa1 Rg6 23. Re1 Rd8 24. g4 f4 25. h3 Bh4 26. Rd1 Ng5 27. Qa5 Qd6 28.
Rd2 Qd4 29. Qxa7 Qe3 30. Rb2 Rxd3 31. Qb8+ Kh7 32. Qxb7 Rd1+ 33. Kh2 Bg3# 0-1

[Event "V Weekend"]
[Site "Rivarolo Mantovano ITA"]
[Date "2007.10.12"]
[Round "1"]
[White "Menini, Luca"]
[Black "Panizzi, Giuseppe"]
[Result "0-1"]
[WhiteElo "1616"]
[BlackElo "2131"]
[PlyCount "63"]
[EventDate "2007.10.12"]

1. e4 d6 2. d4 Nf6 3. Nc3 g6 4. Be2 Bg7 5. Be3 c6 6. Qd2 b5 7. a3 a6 8. f4 O-O
9. Nf3 Ng4 10. Bg1 f5 11. h3 Nh6 12. e5 Nd7 13. Ng5 Nb6 14. Be3 d5 15. b3 Nf7
16. Nxf7 Rxf7 17. g4 a5 18. g5 e6 19. h4 Bf8 20. Na2 Bxa3 21. h5 Bf8 22. Kf2
Qc7 23. Rh2 Rg7 24. Rah1 b4 25. hxg6 hxg6 26. Qd1 Nd7 27. Rh8+ Kf7 28. Bh5 c5
29. Bxg6+ Ke7 30. R1h7 cxd4 31. Rxg7+ Bxg7 32. Rg8 0-1

[Event "V Weekend"]
[Site "Rivarolo Mantovano ITA"]
[Date "2007.10.12"]
[Round "1"]
[White "Moi, Roberto"]
[Black "Morini, Mattia"]
[Result "1-0"]
[WhiteElo "1939"]
[BlackElo "1440"]
[PlyCount "71"]
[EventDate "2007.10.12"]

1. e4 e5 2. Nf3 Nc6 3. Bc4 Bc5 4. c3 Nf6 5. d4 exd4 6. cxd4 Bb4+ 7. Nc3 d5 8.
exd5 Nxd5 9. O-O Bxc3 10. bxc3 O-O 11. Bg5 f6 12. Bh4 Kh8 13. Ne5 g5 14. Nxc6
bxc6 15. Bg3 Be6 16. Re1 Nxc3 17. Qd3 Bxc4 18. Qxc4 Nd5 19. Qxc6 h5 20. h4 gxh4
21. Bxh4 Qd6 22. Qc4 Rab8 23. Bg3 Qd7 24. Re4 Rb4 25. Qc5 Ra8 26. Rh4 Qf7 27.
Re1 f5 28. Qc6 Rab8 29. Qh6+ Qh7 30. Be5+ Kg8 31. Qg5+ Kf7 32. Rxh5 Qg6 33. Qh4
Rg8 34. Rh7+ Ke8 35. Bxc7+ Kf8 36. Qd8+ 1-0

[Event "V Weekend"]
[Site "Rivarolo Mantovano ITA"]
[Date "2007.10.12"]
[Round "1"]
[White "Pellizzari, Marco"]
[Black "Bozuffi, Italo"]
[Result "0-1"]
[WhiteElo "1440"]
[BlackElo "1882"]
[PlyCount "58"]
[EventDate "2007.10.12"]

1. e4 e6 2. d4 c6 3. Nf3 d5 4. e5 f5 5. c4 dxc4 6. Bxc4 h6 7. O-O b5 8. Bb3 a5
9. Bc2 Na6 10. a3 Nc7 11. Nc3 Ba6 12. Bd3 Ne7 13. Be3 Ned5 14. Nd2 g6 15. Qf3
Qd7 16. Qg3 g5 17. f4 Nxe3 18. Qxe3 g4 19. Nb3 Nd5 20. Nxd5 Qxd5 21. Nxa5 c5
22. Rfd1 c4 23. Be2 Bc8 24. Qc3 Be7 25. Rf1 Bd8 26. b4 Bh4 27. g3 Bd8 28. Rf2
Bxa5 29. bxa5 Bb7 0-1

[Event "V Weekend"]
[Site "Rivarolo Mantovano ITA"]
[Date "2007.10.12"]
[Round "1"]
[White "Porpora, Ivano"]
[Black "Pipitone, Antonio"]
[Result "0-1"]
[WhiteElo "1521"]
[BlackElo "2028"]
[PlyCount "160"]
[EventDate "2007.10.12"]

1. e4 c5 2. Nf3 d6 3. d4 cxd4 4. Nxd4 Nf6 5. Nc3 Nc6 6. Bc4 e6 7. O-O Be7 8.
Bg5 a6 9. a4 O-O 10. Bb3 Qc7 11. Nf3 h6 12. Bf4 e5 13. Be3 Be6 14. Nd5 Bxd5 15.
Bxd5 Nb4 16. Qd2 Nbxd5 17. exd5 Ne4 18. Qd3 f5 19. Rad1 Rac8 20. c3 Qa5 21. Ra1
Nc5 22. Bxc5 Qxc5 23. Nd2 e4 24. Qd4 Qxd4 25. cxd4 Rc2 26. Rfd1 Rxb2 27. Rab1
Rxb1 28. Rxb1 Rb8 29. a5 Bd8 30. Nc4 Bc7 31. Nb6 Kf7 32. Kf1 Bxb6 33. Rxb6 Ke7
34. Ke2 Kd7 35. Ke3 Kc7 36. h4 g5 37. h5 Re8 38. g3 Rg8 39. g4 fxg4 40. Kxe4
Rf8 41. Rb2 Rf4+ 42. Ke3 Rf3+ 43. Ke4 Rf4+ 44. Ke3 Rf7 45. Ke4 Rf3 46. Rc2+ Kb8
47. Ra2 Ka7 48. Rb2 Kb8 49. Ra2 Rh3 50. Kf5 Rxh5 51. Ke6 Rh2 52. Kxd6 g3 53.
Ra1 Rxf2 54. Ke7 Re2+ 55. Kf6 Kc7 56. Kg6 Kd6 57. Kxh6 Kxd5 58. Kxg5 Kxd4 59.
Kg4 g2 60. Kh3 Ra2 61. Rb1 Ke3 62. Kh2 Kf2 63. Rg1 Kf3 64. Rb1 Rxa5 65. Rb3+
Kf2 66. Rb2+ Ke3 67. Rxb7 Rg5 68. Kg1 a5 69. Rb3+ Kd4 70. Rb8 Kc4 71. Rc8+ Kb3
72. Rb8+ Ka3 73. Rb7 a4 74. Rb6 Rg3 75. Rb7 Ka2 76. Rb6 a3 77. Rb8 Rb3 78. Re8
Ka1 79. Kxg2 a2 80. Kf1 Kb2 0-1

[Event "V Weekend"]
[Site "Rivarolo Mantovano ITA"]
[Date "2007.10.12"]
[Round "1"]
[White "Raisi, Michele"]
[Black "De Biaggi, Paolo"]
[Result "0-1"]
[WhiteElo "1441"]
[BlackElo "1949"]
[PlyCount "96"]
[EventDate "2007.10.12"]

1. e4 e5 2. Nf3 Nf6 3. Nc3 Bb4 4. Bc4 Bxc3 5. bxc3 d6 6. d3 h6 7. O-O Nc6 8.
Re1 Na5 9. Bb5+ c6 10. Ba4 b5 11. Bb3 Nxb3 12. axb3 Bg4 13. h3 Bh5 14. Qe2 a5
15. Qe3 Bxf3 16. Qxf3 O-O 17. Qg3 Kh7 18. Kh1 Nh5 19. Qg4 g6 20. Qf3 f5 21. Qe3
f4 22. Qd2 Qh4 23. Kh2 g5 24. f3 Nf6 25. d4 g4 26. fxg4 Nxg4+ 27. Kg1 Ne3 28.
Rxe3 fxe3 29. Qxe3 a4 30. b4 Rf4 31. dxe5 Rxe4 32. Qf3 Rg8 33. Be3 Rxe5 34. Bd4
Re7 35. Bf6 Re1+ 36. Rxe1 Qxe1+ 37. Kh2 Qe6 38. Qd3+ Rg6 39. Bd4 d5 40. Qf1 Kg8
41. Bc5 Qe5+ 42. Kh1 Rf6 43. Qd1 Qg3 44. Bd4 Re6 45. Qd2 Qe1+ 46. Qxe1 Rxe1+
47. Kh2 Rd1 48. Be5 a3 0-1

[Event "V Weekend"]
[Site "Rivarolo Mantovano ITA"]
[Date "2007.10.12"]
[Round "1"]
[White "Stella, Andrea"]
[Black "Varotti, Stefano"]
[Result "1-0"]
[WhiteElo "2123"]
[BlackElo "1563"]
[PlyCount "67"]
[EventDate "2007.10.12"]

1. d4 Nf6 2. c4 g6 3. Nc3 d5 4. cxd5 Nxd5 5. e4 Nxc3 6. bxc3 Bg7 7. Bc4 c5 8.
Ne2 Nc6 9. Be3 O-O 10. Rc1 cxd4 11. cxd4 Qa5+ 12. Kf1 Rd8 13. h3 Qh5 14. Bd5
Bg4 15. Qd2 Bxe2+ 16. Qxe2 Qxe2+ 17. Kxe2 Nxd4+ 18. Bxd4 Bxd4 19. Rhd1 e6 20.
Rxd4 exd5 21. Rxd5 Rxd5 22. exd5 Re8+ 23. Kd3 Re7 24. Rc2 Kf8 25. Kd4 Ke8 26.
d6 Rd7 27. Kd5 Kd8 28. g4 b5 29. Kc5 a6 30. f4 a5 31. Rb2 b4 32. a3 Ra7 33.
axb4 axb4 34. Rxb4 1-0

[Event "V Weekend"]
[Site "Rivarolo Mantovano ITA"]
[Date "2007.10.12"]
[Round "1"]
[White "Trangoni, Bruno"]
[Black "Brugaletta, Giorgio"]
[Result "1-0"]
[WhiteElo "1983"]
[BlackElo "1518"]
[PlyCount "71"]
[EventDate "2007.10.12"]

1. Nf3 d5 2. d4 c5 3. Bf4 Nc6 4. c3 e6 5. e3 Nf6 6. Bd3 cxd4 7. exd4 Bd6 8.
Bxd6 Qxd6 9. O-O h6 10. Nbd2 O-O 11. Re1 Ne7 12. Ne5 Nd7 13. Ndf3 Nxe5 14. dxe5
Qc5 15. Nd4 Bd7 16. Qh5 f6 17. Re3 fxe5 18. Qxe5 Rf6 19. Rg3 Raf8 20. b4 Qb6
21. b5 Nf5 22. Bxf5 exf5 23. Qxd5+ R6f7 24. c4 Kh8 25. c5 Qf6 26. Re1 f4 27.
Ra3 f3 28. Rxf3 Qg6 29. Rxf7 Rxf7 30. c6 bxc6 31. bxc6 Bh3 32. Qe4 Qf6 33. Nf3
Bf5 34. Qc4 Rc7 35. Re8+ Kh7 36. Ne5 1-0

[Event "V Weekend"]
[Site "Rivarolo Mantovano ITA"]
[Date "2007.10.12"]
[Round "1"]
[White "Vitiello, Luigi"]
[Black "La Venia, Stefano"]
[Result "1-0"]
[WhiteElo "1383"]
[BlackElo "1808"]
[PlyCount "106"]
[EventDate "2007.10.12"]

1. Nf3 Nf6 2. d4 e6 3. c4 c5 4. d5 exd5 5. cxd5 d6 6. Nc3 Be7 7. e4 O-O 8. Bd3
Bg4 9. Be2 a6 10. Rb1 b5 11. b4 Nbd7 12. Nd2 Bxe2 13. Qxe2 c4 14. O-O Ne5 15.
Nf3 Nxf3+ 16. Qxf3 Nd7 17. Bb2 Ne5 18. Qd1 Nd3 19. Ba1 f5 20. a3 f4 21. Qg4 Rf6
22. Ne2 Rg6 23. Qf5 Qc7 24. Nxf4 Rf8 25. Ne6 Rxf5 26. Nxc7 Rfg5 27. g3 Rh5 28.
Ne6 Bf8 29. f4 Rgh6 30. h4 Rg6 31. Kh2 Be7 32. f5 Rg4 33. Nxg7 Rxg7 34. f6 Bxf6
35. Rxf6 Rg6 36. Rbf1 Ne5 37. Kh3 Rxf6 38. Rxf6 Nf7 39. Bc3 Rh6 40. Rf5 Rg6 41.
g4 Kf8 42. Kg3 Ke7 43. Kf3 Rg8 44. Kf4 Nh6 45. Rg5 Rxg5 46. Kxg5 Nf7+ 47. Kf4
Ne5 48. h5 h6 49. g5 hxg5+ 50. Kxg5 Kf7 51. Kf5 Kg7 52. Bxe5+ dxe5 53. Kxe5 Kh6
1-0

[Event "V Weekend"]
[Site "Rivarolo Mantovano ITA"]
[Date "2007.10.12"]
[Round "1"]
[White "Zuccaro, Guido"]
[Black "Caldonazzo, Matteo"]
[Result "1/2-1/2"]
[WhiteElo "1836"]
[BlackElo "1389"]
[PlyCount "90"]
[EventDate "2007.10.12"]

1. c4 c5 2. Nc3 g6 3. g3 Bg7 4. Bg2 Nf6 5. d3 d6 6. Nf3 O-O 7. O-O Nc6 8. Bf4
Bg4 9. h3 Bxf3 10. Bxf3 Qd7 11. Bg2 a6 12. Qd2 Rab8 13. Bh6 b5 14. Bxg7 Kxg7
15. b3 e6 16. cxb5 axb5 17. a4 Nd4 18. Rfb1 bxa4 19. bxa4 Nb3 20. Qd1 Nxa1 21.
Rxa1 d5 22. e4 Ra8 23. exd5 Nxd5 24. Ne4 Qc7 25. Qc1 Ra5 26. Nd2 Rfa8 27. d4
Rxa4 28. Rxa4 Rxa4 29. dxc5 Ra6 30. Qc4 Rc6 31. Nb3 Qe5 32. Qb5 Rc7 33. c6 Qe1+
34. Bf1 Qc3 35. Na5 Nb4 36. Bg2 Nd3 37. Qb6 Qe1+ 38. Kh2 Qxf2 39. Qxc7 Ne1 40.
Qe5+ f6 41. Qe4 f5 42. Qe5+ Kf7 43. Qc7+ Kf6 44. Qd8+ Kf7 45. Qd7+ Kf6 1/2-1/2

[Event "V Weekend"]
[Site "Rivarolo Mantovano ITA"]
[Date "2007.10.13"]
[Round "2"]
[White "Benedetti, Maurizio"]
[Black "Buccella, Francescantonio"]
[Result "0-1"]
[WhiteElo "1493"]
[BlackElo "1509"]
[PlyCount "62"]
[EventDate "2007.10.12"]

1. e4 Nc6 2. d4 d5 3. e5 a6 4. c3 Bf5 5. Bd3 Qd7 6. Ne2 f6 7. f4 h5 8. Bxf5
Qxf5 9. Ng3 Qh7 10. Nd2 h4 11. Ngf1 O-O-O 12. Qg4+ f5 13. Qe2 e6 14. Nf3 Be7
15. b4 Na7 16. a4 Qg6 17. b5 a5 18. Ba3 b6 19. Bxe7 Nxe7 20. Ng5 Ng8 21. Ne3
Nh6 22. h3 Nf7 23. Nf3 Qg3+ 24. Kd2 Qxf4 25. Raf1 Ng5 26. Nh2 Ne4+ 27. Kd3 Qg5
28. g3 hxg3 29. Nf3 Qe7 30. Rhg1 Qa3 31. Nd1 Qxa4 0-1

[Event "V Weekend"]
[Site "Rivarolo Mantovano ITA"]
[Date "2007.10.13"]
[Round "2"]
[White "Boni, Gianni"]
[Black "Bonade', Massimo"]
[Result "0-1"]
[WhiteElo "1730"]
[BlackElo "2168"]
[PlyCount "36"]
[EventDate "2007.10.12"]

1. b3 d5 2. Bb2 c5 3. Nf3 Nc6 4. e3 e6 5. d3 Nf6 6. Nbd2 Be7 7. Ne5 Nxe5 8.
Bxe5 O-O 9. Bb2 b6 10. f4 Bb7 11. Qf3 Qc8 12. Qe2 b5 13. h4 a5 14. h5 h6 15.
Rg1 a4 16. g4 a3 17. Bxf6 Bxf6 18. Rd1 Bh4+ 0-1

[Event "V Weekend"]
[Site "Rivarolo Mantovano ITA"]
[Date "2007.10.13"]
[Round "2"]
[White "Bozuffi, Italo"]
[Black "Trangoni, Bruno"]
[Result "1-0"]
[WhiteElo "1882"]
[BlackElo "1983"]
[PlyCount "103"]
[EventDate "2007.10.12"]

1. f4 e5 2. fxe5 d6 3. exd6 Nf6 4. dxc7 Qxc7 5. e3 Bd6 6. Bb5+ Bd7 7. Bxd7+
Nbxd7 8. Nf3 Ng4 9. Kf1 Bxh2 10. Nxh2 Nxh2+ 11. Kg1 Ng4 12. Qxg4 Qxc2 13. Nc3
O-O-O 14. Qe4 Qxe4 15. Nxe4 Rdf8 16. d4 Nb6 17. b3 Kb8 18. Nc5 Re8 19. Kf2 h6
20. Bd2 f5 21. Nd3 Nd7 22. Bb4 b6 23. Rac1 Nf6 24. Ne5 Re6 25. Rc2 Rhe8 26.
Rhc1 Nd5 27. Ba3 g5 28. Rc6 Kb7 29. Rd6 Nf6 30. Rxe6 Rxe6 31. Rh1 a6 32. Ke2
Ne4 33. Rc1 h5 34. Bb2 Nf6 35. Kd3 Nd5 36. a3 Re7 37. g3 Nf6 38. Rf1 Ne4 39.
Rxf5 Nxg3 40. Rxg5 h4 41. d5 Rh7 42. Nf3 Nf1 43. Be5 h3 44. Nh2 Rf7 45. Ke2
Nxh2 46. Bxh2 Rh7 47. e4 Kc8 48. e5 Kd7 49. e6+ Ke7 50. Rg6 Rh8 51. d6+ Ke8 52.
Rg7 1-0

[Event "V Weekend"]
[Site "Rivarolo Mantovano ITA"]
[Date "2007.10.13"]
[Round "2"]
[White "Brugaletta, Giorgio"]
[Black "Raisi, Michele"]
[Result "1-0"]
[WhiteElo "1518"]
[BlackElo "1441"]
[PlyCount "109"]
[EventDate "2007.10.12"]

1. d4 d5 2. c4 e6 3. Nc3 Bb4 4. Bd2 Nf6 5. e3 a6 6. cxd5 Nxd5 7. Nf3 O-O 8. Qc2
Nd7 9. Bd3 N7f6 10. O-O Re8 11. a3 Bxc3 12. bxc3 b6 13. e4 Ne7 14. e5 Ng4 15.
h3 Nh6 16. Bxh6 gxh6 17. Bxh7+ Kg7 18. Be4 Rb8 19. Rfe1 Bb7 20. Bxb7 Rxb7 21.
Qe4 Qd5 22. Qg4+ Ng6 23. h4 Kh7 24. h5 Ne7 25. c4 Qxc4 26. Qe4+ Nf5 27. Qxb7
Rg8 28. Rac1 Qa2 29. Qxc7 Ng3 30. Qc2+ Qxc2 31. Rxc2 Nxh5 32. Rc7 Rg7 33. Re4
Kg6 34. Rg4+ Kh7 35. Rxg7+ Kxg7 36. Rc6 Nf4 37. Rxb6 Kg6 38. Rxa6 Kf5 39. a4 h5
40. Kh2 Kg4 41. Ra8 Nd3 42. a5 Nxf2 43. a6 Kf4 44. a7 Ng4+ 45. Kg1 Kg3 46. Rh8
f5 47. exf6 Nxf6 48. a8=Q Ng4 49. Rxh5 e5 50. dxe5 Ne3 51. Rh3+ Kf4 52. Qf8+
Nf5 53. Rh4+ Kg3 54. Qg8+ Ng7 55. Qxg7# 1-0

[Event "V Weekend"]
[Site "Rivarolo Mantovano ITA"]
[Date "2007.10.13"]
[Round "2"]
[White "Caldonazzo, Matteo"]
[Black "Gualtieri, Primo"]
[Result "1/2-1/2"]
[WhiteElo "1389"]
[BlackElo "1679"]
[PlyCount "83"]
[EventDate "2007.10.12"]

1. e4 c5 2. Nf3 e6 3. d4 cxd4 4. Nxd4 Nf6 5. Nc3 Bb4 6. Ndb5 d6 7. Bg5 a6 8. e5
dxe5 9. Qxd8+ Kxd8 10. O-O-O+ Nbd7 11. Nd6 Ke7 12. Nce4 h6 13. Bxf6+ Nxf6 14.
a3 Ba5 15. Nxc8+ Raxc8 16. Nd6 Rb8 17. Nc4 Bc7 18. Be2 Rhd8 19. Rxd8 Rxd8 20.
Rd1 Rxd1+ 21. Kxd1 Nd5 22. Bf3 f5 23. g3 g5 24. h3 e4 25. Be2 b5 26. Nd2 Bb6
27. Ke1 e3 28. fxe3 Nxe3 29. c3 Kd6 30. c4 Nxc4 31. Nxc4+ bxc4 32. Bxc4 a5 33.
Ke2 f4 34. Kf3 e5 35. gxf4 exf4 36. b3 Kc5 37. a4 Kd4 38. Bf7 Kc3 39. Bc4 Kd2
40. Bf7 Bc5 41. Bc4 Ke1 42. Bf7 1/2-1/2

[Event "V Weekend"]
[Site "Rivarolo Mantovano ITA"]
[Date "2007.10.13"]
[Round "2"]
[White "De Biaggi, Paolo"]
[Black "Cottarelli, Franco"]
[Result "1-0"]
[WhiteElo "1949"]
[BlackElo "1954"]
[PlyCount "21"]
[EventDate "2007.10.12"]

1. e4 e5 2. Nf3 Nc6 3. d4 exd4 4. Nxd4 Bc5 5. Nxc6 bxc6 6. Bd3 Nf6 7. e5 Nd5 8.
Qg4 Kf8 9. O-O h5 10. Qc4 a5 11. Qxc5+ 1-0